00575nam a2200181Ia 4500008004100000020001400041040001900055041001200074082003700086245010400123250001200227260005500239300002100294440002100315650002400336700002300360850001000383131103s9999 xx 000 0 und d a140441999 aLoreto College aEnglish a895.6/KEE/895.6/ANTbLCLIB/25344 aAnthology of Japanese literature to the nineteenth centurycintroduced and compiled by Donald Keene arev.ed. aHarmondsworthbPenguin Booksc1968 (1978 printing) a428 p. c 18 cm. aPenguin Classics aJapanese Literature aKeene,Donald,comp. aLCLIB